| 000 | 00317nam a22001337a 4500 | ||
|---|---|---|---|
| 020 | _qPB. | ||
| 040 | _cFIZZA ISHAQ | ||
| 082 |
_a005.1 _bIAN |
||
| 100 |
_aSOMMERVILLE, IAN. _989366 |
||
| 245 |
_aSOFTWARE ENGINEERING / _cIAN SOMMERVILLE. |
||
| 260 |
_aUK ; _bPEARSON, _c2016. |
||
| 300 | _a210 P. ; | ||
| 942 |
_2ddc _cBK |
||
| 999 |
_c588134 _d588134 |
||